Guess the Disney Movies by Emoji #2 - Statistics

General Stats
  • This quiz has been taken 314 times
  • The average score is 4 of 10
Answer Stats
Hint Answer % Correct
👩‍🦰🏹 Brave
86%
🐻🍯 Winnie the Pooh
73%
💧🔥 Elemental
67%
👨‍🦰👱‍♀️🧚‍♀️ Peter Pan
66%
🧸📕 Toy Story
37%
🧚‍♀️ Tinkerbelle
20%
👩‍🦱🏠 Encanto
16%
👸👨‍🦱 Aladdin
12%
🎉👨‍🦱 Coco
11%
👱‍♀️🐇 Alice in the Wonderland
9%
No matching quizzes found
Score Distribution
Percent of People with Each Score
Percentile by Number Answered
Your Score History
You have not taken this quiz